000 00516nam a2200169Ia 4500
001 29981
003 IN-NITTTR
005 20251114233407.0
008 251113s9999||||xx |||||||||||||| ||eng||
040 _beng
040 _cIN-NITTTR
041 _aeng
082 _a621.85 B23D
100 _aBaraskar, Sunil Sheshrao
245 0 _aDevelopment of a hybrid model for optimal selection of electrical discharge machining process parameters mould and die steel materials /
_cBaraskar, Sunil Sheshrao
942 _2ddc
_cBK
999 _c32609
_d32609